Retrouvez ses roles #2 - Jean Dujardin - Statistiques

Statistiques générales
  • Ce quiz a été pris 44 fois
    10 depuis la dernière actualisation
  • Le résultat moyen est 8 sur 10
Statistiques - réponses
Par images Réponse % Correct
Brice de Nice
100%
Lucky Luke
86%
Novembre
86%
Oss 117
86%
The Artist
86%
Un gars, une fille
86%
Le Loup de Wall Street
71%
J'accuse
57%
La French
57%
Monuments Men
57%
Aucun quiz correspondant
Distribution des résultats
% des personnes avec chaque résultat
Percentile par nombre de réponses
Votre historique - résultats
Vous n’avez pas pris ce quiz depuis la dernière actualisation